Video Games by Letter - “T” - Statistics

General Stats
  • This quiz has been taken 112 times
    98 since last reset
  • The average score is 7 of 15
Answer Stats
Hint Answer % Correct
Puzzle game featuring falling blocks; previously the best selling game of all time Tetris
100%
Sonic’s fox friend; his full name is Miles Prower Tails
92%
Citizens of the Mushroom Kingdom; when playable he’s typically faster than other characters Toad
83%
Popular skateboarding game endorsed by this popular skateboarder Tony Hawk
72%
Valve’s online multiplayer shooter, sporting nine classes with iconic introductory videos for each Team Fortress 2
60%
Participate in the King of Iron Fist Tournament as one of 8 characters (or 18 if you’re on PlayStation) Tekken
53%
This genre of game is about buying lots of figures and putting them in the game {Toys}-to-Life
45%
American author who is credited for a series of war games created by Ubisoft Tom Clancy
44%
Undertale’s tutorial character, lovingly referred to as ‘Goat Mom’ by fans Toriel
37%
3DS life-sim game in which you take care of an island of Miis Tomodachi Life
33%
This incarnation of Zelda helps Link sail the Great Sea and rescue his sister, Aryll Tetra
32%
Main fighter of the Fatal Fury series Terry Bogard
28%
1958 saw the release of this video game, which may possibly be the first video game ever made Tennis for Two
20%
NEC Home Electronics’ 1987 console, known as the PC-Engine outside America Turbografx-16
15%
Ultimate Affluent Progeny Byakuya Togami
7%
No matching quizzes found
Score Distribution
Percent of People with Each Score
Percentile by Number Answered
Your Score History
You have not taken this quiz since the last reset